000 00272nam a22000977a 4500
005 20250901165414.0
008 210324b ||||| |||| 00| 0 eng d
050 _aHD62.5 .T46 1995
245 _aBusiness information
_btechnologies and strategies
_cTHOMAS, RICHARD
942 _2lcc
999 _c3425
_d3425